00547nam a2200157Ia 4500008004100000041000800041082001600049100001700065245005400082260001900136365001600155700001700171906003300188999001900221952014900240230718s9999 xx 000 0 und d aeng a621.38bMOT aMotorola Inc aCmos Application Specific Standard Digital Analog c1995bMotorola cRs.b350.00 aMotorola Inc dB:33528-Aug-2001cETC b52.5 c302073d302073 00104070aCCEPbCCEPd2001-09-14eSNJAfETC g297.50i335l0o621.38pCCEP-BK-13280r2023-07-18 00:00:00t52.5v350.00w2001-08-28yBKz013280